Catálogo
 En Linea

Introducción al latín vulgar / (Registro nro. 40996)

Detalles MARC
000 -CABECERA
campo de control de longitud fija 00775nam a2200205 a 4500
001 - NÚMERO DE CONTROL
campo de control 000041506
005 - FECHA Y HORA DE LA ÚLTIMA TRANSACCIÓN
campo de control 20201002034942.0
008 - DATOS DE LONGITUD FIJA--INFORMACIÓN GENERAL
campo de control de longitud fija 131009s1991 sp 000 0 spa d
020 ## - NÚMERO INTERNACIONAL ESTÁNDAR DEL LIBRO
Número Internacional Estándar del Libro 8400075692
040 ## - FUENTE DE LA CATALOGACIÓN
Centro catalogador/agencia de origen DO-SdBNP
Lengua de catalogación spa
Centro/agencia transcriptor BNPHU
100 1# - ENTRADA PRINCIPAL--NOMBRE DE PERSONA
Nombre de persona Grandgent, C. H.
9 (RLIN) 68210
245 10 - MENCIÓN DE TÍTULO
Título Introducción al latín vulgar /
Mención de responsabilidad, etc. C. H. Grandgent ; traducción y anotación por Francisco B. Moll.
260 ## - PUBLICACIÓN, DISTRIBUCIÓN, ETC.
Lugar de publicación, distribución, etc. Madrid :
Nombre del editor, distribuidor, etc. C.S.I.C.,
Fecha de publicación, distribución, etc. 1991.
300 ## - DESCRIPCIÓN FÍSICA
Extensión 384 p. ; :
Otras características físicas il., mapas ;
Dimensiones 22 cm.
490 1# - MENCIÓN DE SERIE
Mención de serie Textos Universitarios ;
Designación de volumen o secuencia 10
504 ## - NOTA DE BIBLIOGRAFÍA, ETC.
Nota de bibliografía, etc. Incluye referencias bibliográficas y notas al pie de las páginas
710 2# - PUNTO DE ACCESO ADICIONAL--NOMBRE DE ENTIDAD CORPORATIVA
Nombre de entidad corporativa o nombre de jurisdicción como elemento de entrada Consejo Superior de Investigaciones Científicas (España)
9 (RLIN) 15178
700 1# - PUNTO DE ACCESO ADICIONAL--NOMBRE DE PERSONA
Nombre de persona Moll, Francesc de Borja
9 (RLIN) 68211
830 #0 - PUNTO DE ACCESO ADICIONAL DE SERIE-TÍTULO UNIFORME
Título uniforme Textos Universitarios
Designación de volumen o secuencia 10
9 (RLIN) 1147
Existencias
Estado de retiro Estado de pérdida Restricciones de uso No para préstamo Código de colección Localización permanente Ubicación/localización actual Ubicación en estantería Fecha de adquisición Número de inventario Total de préstamos Signatura topográfica completa Código de barras Fecha visto por última vez Precio válido a partir de Tipo de ítem Koha
      Excluido de préstamo Monografías: Libros y Folletos General General En catalogación 09.10.2013 LF1   41506-10 25.06.2020 25.06.2020 No se presta

Con tecnología Koha